000 00735nam a22001937a 4500
003 OSt
005 20240614103038.0
008 240614b ||||| |||| 00| 0 eng d
040 _cAIMIT LIBRARY
100 _aH, Karthik Shenoy.
_e2116079
_9170773
245 _aStudy on the impact of union budget on sectoral indices of the national stock exchange /
_cBy Karthik Shenoy H ; Guided by Vasantha G.
260 _aMangaluru ;
_c2023.
650 _aIndustry profile company profile and introduction to the study
_9170774
650 _aResearch methodology
_9170775
650 _aData analysis and interpretation
_9170776
700 _aG Vasantha.
_eGuide
_9170777
856 _3Stock holding corporation of India Ltd.
942 _2ddc
_cPRO
999 _c231177
_d231177